[Event "EWCCC Online Final 2020"]
[Site "Online"]
[Date "2020.12.21"]
[Round "4.2"]
[White "Lazarne Vajda, Szidonia"]
[Black "Kosteniuk, Alexandra"]
[Result "1/2-1/2"]
[WhiteElo "2345"]
[BlackElo "2471"]
[Annotator "RC"]
[PlyCount "170"]
[EventDate "2020.12.19"]
[EventType "team-tourn"]
[EventCountry "NET"]
[SourceTitle "playchess.com"]
[Source "ChessBase"]
[SourceQuality "1"]
[TimeControl "900+5"]

1. d4 {[%emt 0:00:04]} Nf6 {[%emt 0:00:03]} 2. Nf3 {[%emt 0:00:05]} e6 {[%emt 0:00:04]} 3. Bf4 {[%emt 0:00:12]} b5 {[%emt 0:00:10]} 4. e3 {[%emt 0:00:22]} Ba6 {[%emt 0:00:09]} 5. h3 {[%emt 0:00:19]} d5 {[%emt 0:00:31]} 6. c3 {[%emt 0:00:13]} c5 {[%emt 0:00:15]} 7. dxc5 {[%emt 0:01:26]} Bxc5 {[%emt 0:00:07]} 8. Nbd2 {[%emt 0:00:20]} O-O {[%emt 0:00:40]} 9. a3 {[%emt 0:00:24]} Bd6 {[%emt 0:00:48]} 10. Bd3 {[%emt 0:01:23]} Bxf4 {[%emt 0:00:08]} 11. exf4 {[%emt 0:00:02]} Nbd7 {[%emt 0:02:25]} 12. Qe2 {[%emt 0:00:53]} Qc7 {[%emt 0:00:25]} 13. Ne5 {[%emt 0:00:30]} Nc5 {[%emt 0:00:02]} 14. O-O {[%emt 0:01:06]} Rfd8 {[%emt 0:00:57]} 15. Ndf3 {[%emt 0:01:00]} Nxd3 {[%emt 0:00:11]} 16. Nxd3 {[%emt 0:00:37]} Rab8 {[%emt 0:01:17]} 17. Nd4 {[%emt 0:00:03]} Ne4 {[%emt 0:02:10]} 18. Rfd1 {[%emt 0:00:25]} Bc8 {[%emt 0:00:38]} 19. a4 {[%emt 0:01:36]} bxa4 {[%emt 0:00:14]} 20. Rxa4 {[%emt 0:00:05]} Bd7 {[%emt 0:00:20]} 21. Ra3 {[%emt 0:00:06]} a5 {[%emt 0:00:09]} 22. Ne5 {[%emt 0:00:35]} Be8 {[%emt 0:00:04]} 23. c4 {[%emt 0:01:02]} Nf6 {[%emt 0:01:16]} 24. f5 {[%emt 0:01:16]} exf5 {[%emt 0:00:02]} 25. Nxf5 {[%emt 0:00:16]} dxc4 {[%emt 0:00:12]} 26. Rxd8 {[%emt 0:00:41]} Rxd8 {[%emt 0:00:07]} 27. Nxc4 {[%emt 0:00:19]} Bb5 {[%emt 0:00:05]} 28. Rc3 {[%emt 0:00:02]} Re8 {[%emt 0:00:17]} 29. Nfe3 {[%emt 0:00:19]} Ne4 {[%emt 0:00:26]} 30. Rc2 {[%emt 0:00:02]} Qd7 {[%emt 0:00:17]} 31. b3 {[%emt 0:00:12]} Qd4 {[%emt 0:00:50]} 32. Qd1 {[%emt 0:00:20]} Qxd1+ {[%emt 0:00:27]} 33. Nxd1 {[%emt 0:00:03]} a4 {[%emt 0:00:05]} 34. bxa4 {[%emt 0:00:17]} Bxa4 {[%emt 0:00:04]} 35. Rc1 {[%emt 0:00:02]} Rc8 {[%emt 0:00:40]} 36. Ndb2 {[%emt 0:00:27]} Bb3 {[%emt 0:00:01]} 37. Re1 {[%emt 0:00:02]} Bxc4 {[%emt 0:00:01]} 38. Rxe4 {[%emt 0:00:02]} Be6 {[%emt 0:00:02]} 39. Nd3 {[%emt 0:00:10]} g6 {[%emt 0:00:02]} 40. Re3 {[%emt 0:00:05]} h5 {[%emt 0:00:06]} 41. Kh2 {[%emt 0:00:02]} Rc2 {[%emt 0:00:08]} 42. Nf4 {[%emt 0:00:08]} Bf5 {[%emt 0:00:08]} 43. Re2 {[%emt 0:00:03]} Rc4 {[%emt 0:00:07]} 44. g3 {[%emt 0:00:02]} h4 {[%emt 0:00:07]} 45. Nd5 {[%emt 0:00:05]} hxg3+ {[%emt 0:00:01]} 46. fxg3 {[%emt 0:00:03]} Kf8 {[%emt 0:00:29]} 47. g4 {[%emt 0:00:08]} Be6 {[%emt 0:00:09]} 48. Ne3 {[%emt 0:00:13]} Rc3 {[%emt 0:00:07]} 49. Kg3 {[%emt 0:00:06]} Rd3 {[%emt 0:00:06]} 50. Kf2 {[%emt 0:00:02]} g5 {[%emt 0:00:08]} 51. Rb2 {[%emt 0:00:03]} Kg7 {[%emt 0:00:06]} 52. Rc2 {[%emt 0:00:20]} Kf6 {[%emt 0:00:09]} 53. Rc5 {[%emt 0:00:04]} Ra3 {[%emt 0:00:05]} 54. Rb5 {[%emt 0:00:08]} Kg6 {[%emt 0:00:17]} 55. Rc5 {[%emt 0:00:03]} Ra4 {[%emt 0:00:09]} 56. Rb5 {[%emt 0:00:02]} Rf4+ {[%emt 0:00:01]} 57. Kg3 {[%emt 0:00:04]} Rd4 {[%emt 0:00:04]} 58. Kf2 {[%emt 0:00:03]} f6 {[%emt 0:00:12]} 59. Kg3 {[%emt 0:00:06]} Re4 {[%emt 0:00:11]} 60. Kf3 {[%emt 0:00:04]} Rf4+ {[%emt 0:00:01]} 61. Kg3 {[%emt 0:00:02]} Rd4 {[%emt 0:00:10]} 62. Kf3 {[%emt 0:00:02]} Rd2 {[%emt 0:00:04]} 63. Rb6 {[%emt 0:00:06]} Bd7 {[%emt 0:00:09]} 64. Kg3 {[%emt 0:00:07]} Kf7 {[%emt 0:00:06]} 65. Kf3 {[%emt 0:00:03]} Ke7 {[%emt 0:00:02]} 66. Kg3 {[%emt 0:00:02]} Be6 {[%emt 0:00:04]} 67. Kf3 {[%emt 0:00:03]} Ra2 {[%emt 0:00:06]} 68. Kg3 {[%emt 0:00:02]} Ra3 {[%emt 0:00:02]} 69. Kf2 {[%emt 0:00:02]} Kd7 {[%emt 0:00:05]} 70. Ke2 {[%emt 0:00:08]} Ke7 {[%emt 0:00:05]} 71. Kf2 {[%emt 0:00:02]} Kd7 {[%emt 0:00:04]} 72. Ke2 {[%emt 0:00:03]} Ra5 {[%emt 0:00:07]} 73. Kf2 {[%emt 0:00:03]} Re5 {[%emt 0:00:02]} 74. Kf3 {[%emt 0:00:05]} Kc7 {[%emt 0:00:02]} 75. Rb4 {[%emt 0:00:07]} Bd7 {[%emt 0:00:06]} 76. Nf1 {[%emt 0:00:13]} Bc6+ {[%emt 0:00:02]} 77. Kf2 {[%emt 0:00:01]} Rd5 {[%emt 0:00:06]} 78. Rb3 {[%emt 0:00:05]} Rd4 {[%emt 0:00:05]} 79. Ng3 {[%emt 0:00:04]} Rf4+ {[%emt 0:00:07]} 80. Kg1 {[%emt 0:00:03]} Rc4 {[%emt 0:00:15]} 81. Nh5 {[%emt 0:00:05]} Rc1+ {[%emt 0:00:03]} 82. Kf2 {[%emt 0:00:02]} Rc2+ {[%emt 0:00:02]} 83. Kg1 {[%emt 0:00:07]} Rc1+ {[%emt 0:00:02]} 84. Kf2 {[%emt 0:00:01]} Rc2+ {[%emt 0:00:01]} 85. Kg1 {[%emt 0:00:06]} Rc1+ {[%emt 0:00:01]} 1/2-1/2

[Event "EWCCC Online Final 2020"]
[Site "Online"]
[Date "2020.12.21"]
[Round "4.2"]
[White "Benmesbah, Natacha"]
[Black "Gara, Ticia"]
[Result "0-1"]
[WhiteElo "2223"]
[BlackElo "2383"]
[Annotator "TA"]
[PlyCount "116"]
[EventDate "2020.12.19"]
[EventType "team-tourn"]
[EventCountry "NET"]
[SourceTitle "playchess.com"]
[Source "ChessBase"]
[SourceQuality "1"]

{[%evp 13,116,3,11,0,-2,1,4,12,0,5,22,33,20,18,44,35,48,54,81,24,33,40,75,0,79,67,64,60,75,23,25,31,121,63,129,117,127,24,27,12,15,12,20,17,28,17,16,-53,-50,-71,-57,-101,-97,-90,-28,-23,-26,-54,-75,-85,0,-71,-35,-29,-6,-83,-76,-104,-82,-78,-97,-78,-79,-233,-233,-218,-212,-346,-342,-428,-428,-407,-412,-409,-406,-463,-460,-452,-452,-435,-312,-347,-345,-437,-372,-437,-430,-372,-297,-625,-618,-575,-539,-29979,-29979]} 1. e4 c5 2. Nf3 e6 3. d3 Nc6 4. g3 g6 5. Bg2 Bg7 6. O-O Nge7 7. c3 O-O 8. Na3 {A04: Unusual lines after 1 Nf3 and King's Indian Attack.} e5 9. Be3 b6 {[#]} 10. d4 $146 {The position is equal.} ({Predecessor:} 10. c4 f5 11. Bg5 Rb8 12. Nb5 d6 13. exf5 gxf5 14. Nh4 Qd7 15. Nc3 Nd4 16. f4 Bb7 17. Bxe7 Qxe7 18. Nd5 Qe8 19. Rb1 {½-½ (19) Atalik,E (2356)-Yagupov,I (2482) St Petersburg 2000}) 10... exd4 11. cxd4 d5 12. exd5 $1 Nxd5 13. Bg5 $1 {[%cal Rg5d8]} f6 14. Bd2 $1 cxd4 15. Nb5 Bb7 16. Rc1 (16. Nfxd4 $16 Nxd4 17. Nxd4) 16... Qd7 $11 17. Qb3 Rad8 18. Rfd1 (18. Nfxd4 $16 Nxd4 19. Nxd4) 18... Qf7 (18... f5 $11) 19. Nfxd4 Nxd4 20. Nxd4 Rd7 21. Nc6 ({Better is} 21. Re1 $16) 21... Bxc6 22. Rxc6 Rfd8 ({Black should try} 22... Ne7 $1 $14 23. Qxf7+ Kxf7) 23. Be1 (23. Bh3 $16 {Hoping for Be6.} f5 24. Bf1) 23... Ne7 (23... h5 $14) 24. Rxd7 $16 Rxd7 25. Qxf7+ (25. Re6 $16) 25... Kxf7 $11 26. Rc1 f5 27. b3 Bd4 28. Kf1 a5 29. Ke2 Ke6 30. Bd2 (30. a4 $11) 30... Bxf2 $1 $15 31. Bc3 Bd4 32. Bxd4 Rxd4 {[%mdl 4096] Endgame KRB-KRN} 33. Rc7 Kd6 (33... Rd6 $17) 34. Rb7 $11 Rb4 35. Kd3 h5 36. Kc3 Rb5 (36... Nd5+ $17 37. Kd3 Ke5 38. Bxd5 Kxd5) 37. Rb8 (37. Bf1 $11 Rc5+ 38. Bc4) 37... Rc5+ 38. Kd3 b5 39. Kd4 (39. a3 $11 {keeps the balance.}) 39... Rc2 $17 {[%mdl 64] Double Attack} 40. Rb6+ Kd7 41. Rb7+ {[#]} Ke6 $1 42. Rb6+ Kf7 43. Bb7 $2 {This move loses the game for White.} (43. Bf1 $17 {was forced.}) 43... Rxh2 $19 44. Rxb5 Rxa2 45. Ba6 (45. Ke5 $142) 45... a4 46. Rb7 {intending Ke5.} axb3 47. Bc4+ Kf6 48. Rxb3 {[#] aiming for Rb6+.} Rg2 49. Ba6 Kg5 50. Bb7 Rd2+ 51. Ke3 Rd7 52. Kf3 Ng8 53. Bc6 Rd6 54. Ba8 Nf6 55. Bb7 Ng4 {( -> ...Rd2)} 56. Rb2 $2 (56. Ke2) 56... Rd3+ 57. Kg2 Ne3+ 58. Kf2 Nd1+ {[%mdl 64] Double Attack.  Weighted Error Value: White=0.49/Black=0.20} 0-1

[Event "EWCCC Online Final 2020"]
[Site "Online"]
[Date "2020.12.21"]
[Round "4.3"]
[White "Daulyte-Cornette, Deimante"]
[Black "Nandhidhaa, P V"]
[Result "0-1"]
[WhiteElo "2400"]
[BlackElo "2365"]
[Annotator "TA"]
[PlyCount "98"]
[EventDate "2020.12.19"]
[EventType "team-tourn"]
[EventCountry "NET"]
[SourceTitle "playchess.com"]
[Source "ChessBase"]
[SourceQuality "1"]

{[%evp 11,98,-9,-8,-5,27,23,66,63,132,31,86,84,99,41,29,31,39,10,26,0,23,12,41,30,38,38,37,28,25,27,147,109,245,283,250,216,209,28,44,37,52,8,19,18,33,0,0,-27,-28,-60,-32,-40,0,0,0,0,0,0,8,0,0,0,0,0,0,0,0,0,0,-1884,-1900,-11733,-12347,-29980,-29979,-29978,-29977,-29980,-29981,-29981,-29982,-29986,-29987,-29987,-29988,-29991,-29992,-29992,-29993]} 1. e4 c5 2. Nc3 d6 3. f4 Nc6 4. Nf3 g6 5. Bc4 Bg7 6. O-O e6 7. d4 {outshines the older 7.d3. B23: Closed Sicilian: Lines without g3.} Nxd4 8. Be3 {[%cal Rf3d4]} Nxf3+ 9. Qxf3 {[#] White is slightly better.} ({Reject} 9. gxf3 a6 $15) ({Much worse is} 9. Rxf3 Bxc3 10. bxc3 Nf6 $15) 9... Bd7 $146 {[#]} ({Better is} 9... Bxc3 $14 10. bxc3 Ne7) ({Predecessor:} 9... Ne7 10. Rad1 O-O 11. Bxc5 Qc7 12. Bxd6 Qxc4 13. Bxe7 Re8 14. e5 Rxe7 15. Rd8+ Bf8 {1-0 (24) Grischuk,A (2750)-Vachier Lagrave,M (2795) chess.com INT 2017}) 10. Rad1 (10. f5 $1 $16 {[%cal Rf5e6][%mdl 512]} Qe7 (10... exf5 11. exf5) 11. fxe6 Bxe6 12. Nd5 Bxd5 13. Bxd5) 10... Qe7 (10... Qb6 $14) 11. e5 $16 Bc6 12. Bb5 (12. exd6 $16 Qd7 13. Qg3) 12... d5 $14 13. Bxc6+ bxc6 14. Na4 c4 15. b3 $36 {[%mdl 2048] White has the initiative.} (15. Bc5 $5 {[%cal Rc5e7]} Qd8 16. Qa3 $14) 15... cxb3 16. axb3 Qd8 17. Qf2 Qb8 18. Bc5 Bf8 19. Bxf8 Kxf8 20. Nc5 Qc8 (20... Kg7 $11) 21. g4 $16 h5 (21... Ne7 $16) 22. f5 $18 exf5 23. gxf5 Qxf5 {[#]} 24. Qxf5 $2 ({White must play} 24. Qe3 $1 $18 Qg4+ 25. Kh1) 24... gxf5 $11 25. Rxf5 Ne7 26. Rf6 Rg8+ 27. Kh1 {Hoping for e6.} Rg6 28. Rdf1 Rxf6 29. Rxf6 {[%mdl 4096] Endgame e6 is the strong threat. KRN-KRN} Kg7 30. Rd6 Ng6 31. e6 fxe6 32. Nxe6+ Kf7 33. Ng5+ Kg7 34. Rxc6 Re8 35. Rc7+ Kf6 36. Nf3 Re3 37. Kg2 Ne5 38. Nd4 Re4 39. c3 Re3 40. Rc6+ $2 {[%mdl 8192]} (40. Rxa7 $11 Rxc3 41. Ra6+ Kf7 42. Ra7+ Kf6 43. Ra6+ Kf7 44. Ra7+ Kg6 45. Ra6+ Kf7) 40... Nxc6 $19 41. Nxc6 Rxc3 42. Nxa7 Rxb3 {KR-KN. Black mates.} 43. Nc6 Rb6 44. Nd4 Ke5 45. Nf3+ Ke4 46. Ng5+ Kf4 47. Nh3+ Ke3 48. Ng5 {[#]} Rg6 $1 49. h4 d4 {Quite a comeback for Black.  Weighted Error Value: White=0.60/Black=0.20} 0-1

[Event "EWCCC Online Final 2020"]
[Site "Online"]
[Date "2020.12.21"]
[Round "4.3"]
[White "Ambartsumova, Karina"]
[Black "Muminova, Nafisa"]
[Result "1-0"]
[WhiteElo "2382"]
[BlackElo "2274"]
[Annotator "TA"]
[PlyCount "57"]
[EventDate "2020.12.19"]
[EventType "team-tourn"]
[EventCountry "NET"]
[SourceTitle "playchess.com"]
[Source "ChessBase"]
[SourceQuality "1"]

{[%evp 20,57,40,40,38,40,49,42,43,47,43,35,42,38,51,37,72,56,50,56,54,34,41,25,36,26,181,189,474,485,880,884,876,860,806,579,1534,1539,2472,2466]} 1. e4 e6 2. d4 d5 3. Nc3 Nf6 4. e5 Nfd7 5. f4 c5 6. Nf3 Nc6 7. Be3 Qb6 8. Na4 Qa5+ 9. c3 b6 10. Bd2 c4 11. b4 Nxb4 {C11: French: Classical System: 4 e5 and 4 Bg5 dxe4.} 12. cxb4 Bxb4 {Hoping for ...b5.} 13. Qc2 Bxd2+ {White is slightly better.} 14. Nxd2 b5 15. Nc3 O-O 16. g3 b4 17. Ne2 {[#]} Qb6 $146 ({Predecessor:} 17... Ba6 18. Bh3 c3 19. Nb3 Qb6 20. a4 bxa3 21. O-O Bxe2 {0-1 (21) Wartlick,K (2135)-Wornath,K (2398) Boeblingen 2000}) 18. Bh3 a5 19. O-O a4 20. Rab1 Nb8 21. f5 {Black must now prevent fxe6.} Nc6 22. Nf3 {Strongly threatening f6.} b3 $2 {This costs Black the game.} (22... exf5 $1 $11 23. Bxf5 b3) 23. f6 $18 Qb4 $2 {[#]} (23... Qxd4+ 24. Nexd4 bxc2 25. Nxc2 (25. Nxc6 cxb1=N 26. Rxb1 Kh8 $15) 25... gxf6) 24. Qc1 $1 {Threatening mate with Qg5!White is clearly winning.} Rd8 (24... h6 $142 25. Qf4 Ne7) 25. fxg7 Kxg7 26. Ng5 Ra7 27. Qf4 Qe7 {[#] Now ...h6 and Black clings on.} 28. Qg4 $1 {White wants to mate with Nxe6+.} Rg8 29. Nxf7+ {Accuracy: White = 94%, Black = 40%.} 1-0

[Event "EWCCC Online Final 2020"]
[Site "Online"]
[Date "2020.12.21"]
[Round "4.3"]
[White "Tokhirjonova, Gulrukhbegim"]
[Black "Arabidze, Meri"]
[Result "0-1"]
[WhiteElo "2378"]
[BlackElo "2437"]
[Annotator "TA"]
[PlyCount "98"]
[EventDate "2020.12.19"]
[EventType "team-tourn"]
[EventCountry "NET"]
[SourceTitle "playchess.com"]
[Source "ChessBase"]
[SourceQuality "1"]

{[%evp 27,98,-26,0,0,52,0,-6,-6,7,2,2,-19,-29,-22,6,-44,0,-69,-11,-100,-33,-44,-22,-32,-49,-70,-68,-74,-71,-78,-68,-67,-58,-58,-32,-93,-25,-37,-40,-43,-45,-39,-34,-24,-22,-30,-35,-54,-54,-56,-59,-96,-11,-10,-12,-287,-249,-375,-366,-369,-352,-479,-479,-855,-796,-1726,-1631,-29988,-29989,-29989,-29990,-29990,-29991]} 1. e4 c5 2. Nf3 e6 3. d4 cxd4 4. Nxd4 Nc6 5. Nc3 a6 6. Be3 Nf6 7. Be2 d6 8. O-O Be7 9. f4 O-O 10. Kh1 Qc7 11. Qe1 Nxd4 12. Bxd4 b5 13. a3 Bb7 14. Bd3 Bc6 {was the old line (14...Rad8).} 15. Qg3 {B85: Sicilian Scheveningen: 6 Be2 a6, lines with early Be3.} g6 (15... Qb7 $11) 16. Rae1 {[#]} (16. f5 $14) 16... Nh5 $146 ({Predecessor:} 16... Rab8 17. e5 Nh5 18. Qf2 a5 19. Ne4 Bxe4 20. Bxe4 f5 21. exf6 Bxf6 22. g3 Ng7 23. Bxf6 Rxf6 {1-0 (79) Argote Heredia,V (2039)-Roca Rojas,A (2177) Guatape 2016}) 17. Qf2 {The position is equal.} Nxf4 {[%mdl 64] Remove Defender, Decoy} 18. Qxf4 e5 {[%mdl 64] Double Attack} 19. Qf2 {And now Be3 would win.} exd4 20. Qxd4 Rae8 21. Nd1 Bb7 22. b4 (22. c4 $11) 22... Bg5 (22... Bh4 $15 23. g3 Bg5) 23. Nf2 {[#]} (23. c4 $11) 23... Bc8 ({Black should try} 23... Re6 $1 $17 {aiming for ...Bf6.} 24. Ng4 Qe7) 24. c4 $15 Bd7 25. Re2 Bh6 {...Bg7 is the strong threat.} 26. Rc2 {Black must now prevent cxb5.} Bg7 27. Qe3 $1 {Threatens to win with cxb5.} Qb7 28. Rfc1 Rc8 29. Qe2 Bh6 30. Rd1 Rfe8 31. h3 {[#]} (31. Qf3 $15) 31... Bf4 (31... Bg7 $1 $17) 32. Qf3 Be5 33. Ng4 Bxg4 34. Qxg4 h5 35. Qe2 Rb8 36. Qf1 Kg7 37. Rdc1 {Hoping for cxb5.} Re7 38. Rf2 Qb6 39. Bb1 a5 (39... Rc8 $17 40. Ba2 Qe3) 40. cxb5 $11 axb4 41. a4 $2 {[%mdl 8192] Now White is beyond hope.} (41. axb4 $11 Bd4 42. Rf3) 41... b3 $19 {[%cal Bb4b3,Bb3b2][%mdl 32]} 42. Rf3 (42. Rc6 $142 Qa7 43. Rc4) 42... b2 43. Rc6 Qa5 44. Ra6 Qb4 45. Qd3 (45. Rf2 $142 Rc8 46. Rc6 Rxc6 47. bxc6) 45... Rc8 46. Rf1 {[#]} Rc1 $1 {[%mdl 512] ( -> ...Qxe4!)} 47. Rc6 {[#]} Qe1 $1 {[%mdl 512] Black mates.} 48. Kg1 (48. Rxe1 Rxe1+) 48... Qxf1+ {[%mdl 64] Overworked Piece} 49. Qxf1 Bd4+ {Weighted Error Value: White=0.81/Black=0.21} 0-1

[Event "EWCCC Online Final 2020"]
[Site "Online"]
[Date "2020.12.21"]
[Round "4.3"]
[White "Dauletova, Gulmira"]
[Black "Mkrtchian, Lilit"]
[Result "1-0"]
[WhiteElo "2319"]
[BlackElo "2388"]
[Annotator "TA"]
[PlyCount "83"]
[EventDate "2020.12.19"]
[EventType "team-tourn"]
[EventCountry "NET"]
[SourceTitle "playchess.com"]
[Source "ChessBase"]
[SourceQuality "1"]

{[%evp 18,83,8,8,8,12,18,-2,0,-9,0,0,0,0,0,0,0,0,3,-8,0,-33,0,0,0,0,12,11,43,44,66,13,22,16,35,8,31,39,46,47,57,53,53,40,165,84,301,300,298,285,291,289,491,490,858,845,804,727,1298,1272,1183,1183,1635,1608,1525,1503,2742,778]} 1. e4 e6 2. d4 d5 3. Nd2 Be7 4. Bd3 c5 5. dxc5 Nf6 6. Ngf3 dxe4 7. Nxe4 Nxe4 8. Bxe4 Qxd1+ 9. Kxd1 Bxc5 10. Ke2 Nd7 {C03: French Tarrasch: Unusual Black 3rd moves.} 11. Bf4 Ke7 {[#]} 12. a3 $146 ({Predecessor:} 12. Rad1 Nf6 13. Bd3 b6 14. c3 Bb7 15. h3 Rhd8 16. Rhe1 a5 17. Ne5 Nd5 18. Bg3 {0-1 (35) Tsotsonava,E (1789)-Mochalin,F (2110) Batumi 2018}) 12... Nf6 {The position is equal.} 13. Bd3 b6 14. b4 Bd6 15. Bxd6+ $1 Kxd6 16. Rhd1 Ke7 17. c4 Bb7 18. Rac1 Rac8 19. g3 Nd7 20. Nd4 Ne5 21. f4 Nxd3 22. Rxd3 Ba6 23. Rdc3 Rc7 24. b5 (24. Ke3 $14) 24... Bb7 $11 25. a4 Rd8 26. Ke3 Rcd7 27. Nb3 Rd1 28. c5 Rxc1 29. Rxc1 bxc5 30. Rxc5 $14 {[%mdl 4096] Endgame KRB-KRN} Rc8 ({Black should play} 30... Bd5 $14 31. Na5 Rd7) 31. Kd4 (31. Rxc8 $18 {Strongly threatening Rc7+.} Bxc8 32. Na5) 31... Kd6 $2 {[#]} (31... Rd8+ $16 32. Ke3 Kd6) 32. Na5 $18 Rb8 33. Nc4+ Kd7 34. Ne5+ Ke8 $2 (34... Kd6 35. Nxf7+ Kd7 36. Ne5+ Kd6 37. Nc4+ Kd7 38. Ne5+ Kd6 39. Nc4+ Kd7 40. Ne5+) 35. Rc7 {White is clearly winning.} f6 (35... a6 $142 36. Nxf7 Bg2 37. Nd6+ {[%mdl 64] Discovered Attack} Kf8 38. bxa6 Rb6 39. Rf7+ Kg8) 36. Nf7 Bf3 37. Rxa7 Be2 38. Nd6+ {[%mdl 64] [#] Discovered Attack} Kf8 39. Kc5 e5 40. fxe5 fxe5 41. b6 Bf3 42. Rf7+ {[%mdl 64] Double Attack.  Weighted Error Value: White=0.10/Black=0.44} 1-0

[Event "EWCCC Online Final 2020"]
[Site "Online"]
[Date "2020.12.21"]
[Round "4.4"]
[White "Goryachkina, Aleksandra"]
[Black "Gunina, Valentina"]
[Result "1-0"]
[WhiteElo "2592"]
[BlackElo "2451"]
[Annotator "TA"]
[PlyCount "105"]
[EventDate "2020.12.19"]
[EventType "team-tourn"]
[EventCountry "NET"]
[SourceTitle "playchess.com"]
[Source "ChessBase"]
[SourceQuality "1"]

{[%evp 17,105,14,15,13,14,9,18,10,29,14,14,9,15,9,9,10,16,10,17,10,19,14,16,12,12,13,32,39,57,23,47,44,105,49,73,72,64,67,99,52,92,74,97,0,76,52,108,116,118,119,113,87,163,116,265,256,358,362,449,231,209,93,88,104,100,98,91,24,404,227,650,0,221,56,813,708,29991,29986,29986,29985,29985,29986,29986,29987,29993,29994,29994,29995,29995,29994]} 1. d4 d5 2. c4 c6 3. cxd5 cxd5 4. Bf4 Nf6 5. Nc3 Nc6 6. e3 a6 7. Bd3 Bg4 8. Nge2 e6 9. O-O Bd6 10. f3 {D10: Slav Defence: 3 cxd5 (without early Nf3) and 3 Nc3.} Bh5 11. Rc1 Bg6 12. Na4 {The position is equal.} O-O 13. Bxd6 Qxd6 14. Nc5 Rab8 15. Qd2 Bxd3 {[#]} 16. Nxd3 $146 ({Predecessor:} 16. Qxd3 Nd7 17. Qd2 Rfc8 18. Nxd7 Qxd7 19. Nf4 b6 20. Rc2 Na5 21. Rfc1 Nc4 22. Qe2 {½-½ (30) Tuna,A (2105)-Fang,Y (2494) Paracin 2016}) 16... Rfe8 17. Rfe1 Nd7 18. Nef4 Re7 19. Rc3 Rbe8 20. Rec1 Nb6 21. b3 f6 22. Nc5 {Hoping for Nxb7!} Nd8 23. Ne2 Nf7 24. Ng3 g6 (24... Qb8 $14) 25. R3c2 (25. Nce4 $16 dxe4 26. Nxe4 {[%mdl 64] Double Attack}) 25... e5 26. dxe5 Qxe5 27. Nf1 Qd6 28. Qd4 Ne5 29. a4 Rd8 30. Qd2 ({White should try} 30. Rd2 $16) 30... Na8 (30... Nbc4 $11 31. bxc4 Qxc5) 31. Ng3 Qb8 (31... Rc7 $14) 32. Ne2 $16 Nc7 33. Nd4 Rde8 34. Rc3 Nf7 (34... a5 $16) 35. Qf2 Nd8 (35... Na8 $16 {was necessary.}) 36. Qg3 $18 Nc6 37. Nf5 $1 Re5 38. Nxb7 (38. Nh6+ $142 Kg7 39. Nxb7 $1 {[%mdl 512]} Kxh6 40. Nd6) 38... Rxf5 39. Rxc6 (39. Nd6 $1 $18 {[%cal Rd6f5] is the precise move to win.} Rg5 40. Qh3) 39... Qxb7 $16 40. Qxc7 ({Of course not} 40. Rxc7 $6 Qxb3 41. R7c3 Qxa4 $11) 40... Qxb3 41. R6c3 Qxa4 {[#]} 42. Qd6 (42. Qa7 $1 $16 Rfe5 43. Rc7) 42... Kg7 $2 {[%mdl 8192]} (42... Rfe5 $1 $11) 43. Ra3 (43. Rc7+ $142 Kh6 44. h3) 43... Qh4 $2 (43... Qb5 44. h3 (44. Rxa6 Qb2 $14) 44... Kh6) 44. Rxa6 $2 (44. g3 $18 Qh5 45. g4) 44... Rfe5 $2 {[#]} (44... Rxe3 $11 {and Black is okay.} 45. Ra7+ Kh6 46. Qf8+ Kg5) 45. g3 $2 ({Only move:} 45. Ra7+ $1 $18 Kg8 46. Qc7) 45... Qh3 $2 {[%mdl 8192]} (45... Qh6 $14 46. Qxf6+ Kg8) 46. Qxf6+ $18 Kh6 47. Ra7 {White mates.} Rf5 48. Qg7+ {[%mdl 64] Double Attack} Kg5 49. f4+ Kg4 50. Qd4 {[%cal Rd4d1]} Rff8 51. Qd1+ Kf5 52. Qxd5+ Kg4 53. Qd7+ {Accuracy: White = 65%, Black = 47%.} 1-0

[Event "EWCCC Online Final 2020"]
[Site "Online"]
[Date "2020.12.21"]
[Round "4.4"]
[White "Paehtz, Elisabeth"]
[Black "Salimova, Nurgyul"]
[Result "1/2-1/2"]
[WhiteElo "2467"]
[BlackElo "2397"]
[Annotator "TA"]
[PlyCount "73"]
[EventDate "2020.12.19"]
[EventType "team-tourn"]
[EventCountry "NET"]
[SourceTitle "playchess.com"]
[Source "ChessBase"]
[SourceQuality "1"]

{[%evp 15,73,11,20,0,6,2,4,-4,0,0,0,0,21,-14,0,14,17,0,0,0,147,-64,-52,-63,-71,-72,-65,-79,-47,-73,-75,-70,-65,-74,-60,-74,-70,-69,-72,-72,-54,-146,-125,-156,-158,-139,-78,-68,-79,-123,-125,-128,-134,-126,0,-95,0,-125,0,-102]} 1. d4 Nf6 2. Nf3 e6 3. Bf4 b6 4. e3 Bb7 5. Nbd2 Be7 6. Bd3 c5 7. c3 cxd4 $1 {[%mdl 4] outshines the older 7...0-0.} 8. exd4 O-O 9. h4 {A47: 1 d4 Nf6 2 Nf3 b6: Torre, London and Colle Systems.} d6 10. Qe2 Nbd7 11. O-O-O {[#]} a6 $146 ({Predecessor:} 11... Re8 12. g4 e5 13. dxe5 dxe5 14. Bc4 exf4 15. Bxf7+ Kh8 16. Bxe8 Qxe8 17. g5 Nd5 {0-1 (41) Ratkovic,M (2359)-Sredojevic,I (2416) Kragujevac 2015}) 12. Kb1 b5 13. Ng5 Bd5 14. Rh3 e5 15. dxe5 dxe5 16. Bxe5 Nxe5 17. Qxe5 h6 {[#]} (17... Bxg2 $11 18. Ndf3 Bxh3 19. Bxh7+ Nxh7 20. Rxd8 Raxd8 21. Nxh3 Rfe8) 18. Nge4 $2 ({Only move:} 18. Nde4 $1 $16) 18... Ng4 $1 $15 {[%cal Rg4e5]} 19. Qd4 f5 $36 {[%mdl 2048] Black is on the roll.} 20. Be2 Be6 21. Bxg4 fxg4 22. Rd3 Qxd4 23. Rxd4 Bxh4 24. g3 Be7 25. Re1 Rad8 26. Rxd8 Rxd8 27. Nb3 Bd5 28. Nd4 ({White should try} 28. Nec5 $15 Bd6 29. Nxa6) 28... Rf8 $17 29. a3 h5 30. Re2 h4 (30... Kh7 $142 31. Nd2 Bf6) 31. gxh4 Bxh4 32. Ng3 Bc4 33. Rd2 Bg5 34. Rd1 Bh4 35. Rd2 $1 Bg5 36. Rd1 Bh4 37. Rd2 $1 {Weighted Error Value: White=0.18/Black=0.30} 1/2-1/2